Statistics for 5 least populated countries by continent

Click here to take the quiz!

General Stats

  • This quiz has been taken 3,088 times
  • The average score is 22 of 30

Answer Stats

HintAnswer% Correct
Vatican City
95%
San Marino
91%
Monaco
90%
Andorra
89%
Suriname
85%
Guyana
84%
Paraguay
82%
Saint Kitts and Nevis
79%
Uruguay
79%
Nauru
78%
Bolivia
75%
Liechtenstein
75%
Saint Vincent and the Grenadines
75%
Tuvalu
75%
Palau
74%
Seychelles
71%
Grenada
70%
Antigua and Barbuda
69%
Kiribati
69%
Sao Tome and Principe
69%
Cape Verde
66%
Comoros
66%
Marshall islands
66%
Brunei
65%
Dominica
65%
Maldives
62%
East Timor
60%
Bahrain
58%
Equatorial Guinea
36%
Cyprus
32%

Score Distribution

Percentile by Number Answered

Percent of People with Each Score

Your Score History

You have not taken this quiz